00844nam a2200253 a 4500008004100000020003100041040002500072041001300097044001100110080001700121080001200138080001200150080000900162080001300171100002600184245009900210250001300309260004900322300002800371490002200399500010700421700003300528700002900561951205s1981||||[C 0 slo c c45 Kčs. q(2000 výtl.) aSNKbslocSNKeAACR21 aslohbul axocSK a7.01:111.852 a111.852 a111.852 a7.01 a1 100.241 aGoranov, Krastio4aut10aUmenie a spoločenský životcKrastio Goranov ; Ľubica Bernkopfová, Jozef Michaláč a1., vyd. aBratislavabPravdac1981eBratislavafPravda a448 s., 24,71 AHc21 cm0 aČlovek a umenie aLit. 238. 238 zázn. lit. o knihách, čl. a zb. v jaz. slov., čes., rus., angl., franc. a poľ.1 aBernkopfová, Ľubica4trl1 aMichaláč, Jozef4bkd